[Event "World Blitz Women 2017"]
[Site "Riyadh KSA"]
[Date "2017.12.29"]
[Round "11.21"]
[White "Berend, Elvira"]
[Black "Batsiashvili, Nino"]
[Result "1/2-1/2"]
[WhiteTitle "WGM"]
[BlackTitle "IM"]
[WhiteElo "2303"]
[BlackElo "2502"]
[WhiteFideId "4000510"]
[BlackFideId "13602993"]
[EventDate "2017.12.29"]

1. e4 e5 2. Nf3 Nc6 3. Bb5 a6 4. Ba4 g6 5. O-O Bg7 6. c3 d6 7. d4 Bd7 8. Bg5 f6
9. Be3 Nh6 10. Bb3 Nf7 11. a3 O-O 12. Ba2 h6 13. Nbd2 Kh7 14. Ne1 f5 15. exf5
Bxf5 16. Bb1 Bxb1 17. Rxb1 exd4 18. cxd4 Nxd4 19. Ndf3 Nf5 20. Nc2 Qf6 21. Bd2
Ne5 22. Nxe5 Qxe5 23. Bc3 Qf4 24. Qd5 c6 25. Qd3 d5 26. Bxg7 Kxg7 27. b4 Rf7 28.
a4 Qc4 29. Qd2 d4 30. Ne1 Rd8 31. Nd3 g5 32. Ne5 Qd5 33. Nxf7 Kxf7 34. Qd3 Kg7
35. Rfe1 Rd7 36. g3 Rf7 37. Re2 b6 38. Rbe1 Nd6 39. Re6 Nf5 40. R6e5 Qd7 41. Re6
c5 42. bxc5 bxc5 43. Rxa6 Qc7 44. Rae6 c4 45. Qe4 c3 46. Re5 Qd7 47. Rd1 Qc8 48.
Rxf5 Qxf5 49. Qxd4+ Qf6 50. Qxf6+ Rxf6 51. Kf1 Ra6 52. Ra1 c2 53. Ke2 Rxa4 54.
Rc1 Rc4 55. Kd3 Rc7 56. Rxc2 Rd7+ 57. Ke4 Re7+ 58. Kf5 Rf7+ 59. Kg4 Rf6 60. h4
gxh4 61. Kxh4 Kg6 62. f4 Rb6 63. g4 Ra6 64. Re2 Rb6 65. f5+ Kg7 66. Kh5 Rb1 67.
Re7+ Kf8 68. Re6 Rh1+ 69. Kg6 Rh4 70. Rf6+ Ke7 71. Re6+ Kf8 72. Re4 h5 73. Kg5
Rxg4+ 74. Rxg4 hxg4 75. Kxg4 Kf7 76. Kg5 Kg7 1/2-1/2

[Event "World Blitz Women 2017"]
[Site "Riyadh KSA"]
[Date "2017.12.29"]
[Round "11.22"]
[White "Melia, Salome"]
[Black "Mkrtchian, Lilit"]
[Result "0-1"]
[WhiteTitle "IM"]
[BlackTitle "IM"]
[WhiteElo "2404"]
[BlackElo "2376"]
[WhiteFideId "13602446"]
[BlackFideId "13300601"]
[EventDate "2017.12.29"]

1. b3 Nf6 2. Bb2 b6 3. d4 Bb7 4. Nc3 e6 5. f3 d5 6. Qd2 Be7 7. e3 c5 8. O-O-O
Nc6 9. g4 h6 10. h4 cxd4 11. exd4 a6 12. Kb1 Qc7 13. Bh3 O-O-O 14. Nge2 Kb8 15.
g5 hxg5 16. hxg5 Nh5 17. Bg4 g6 18. a3 Bd6 19. Bc1 Ne7 20. Rh3 Ng7 21. Rdh1 Rxh3
22. Rxh3 Nef5 23. Rh7 Rc8 24. Nd1 Bc6 25. Nf2 Be8 26. Nd3 Ka7 27. f4 Bf8 28. Ne5
Nd6 29. Bf3 Nb5 30. a4 Nd6 31. Ba3 Ne4 32. Bxe4 Bxa3 33. Rxg7 dxe4 34. Nxg6 Bb4
35. Qc1 e3 36. c4 Bd2 37. Qc2 Bc6 38. Ne5 Be8 39. Ng3 Qb7 40. Rh7 Qg2 41. c5
Qxg3 42. Nxf7 Rc7 43. g6 Qxg6 44. Qxg6 0-1

[Event "World Blitz Women 2017"]
[Site "Riyadh KSA"]
[Date "2017.12.29"]
[Round "11.23"]
[White "Cori T., Deysi"]
[Black "Gevorgyan, Maria"]
[Result "1-0"]
[WhiteTitle "WGM"]
[BlackTitle "WIM"]
[WhiteElo "2389"]
[BlackElo "2275"]
[WhiteFideId "3801934"]
[BlackFideId "13300270"]
[EventDate "2017.12.29"]

1. d4 d5 2. Nf3 Nf6 3. c4 dxc4 4. e3 e6 5. Bxc4 a6 6. O-O c5 7. Qe2 b5 8. Bb3
Nbd7 9. a4 c4 10. Bc2 Bb7 11. b3 Qc7 12. axb5 axb5 13. Rxa8+ Bxa8 14. bxc4 bxc4
15. e4 Be7 16. Nc3 O-O 17. Bg5 Bb4 18. e5 Nd5 19. Ne4 Nc3 20. Nxc3 Bxc3 21. Be7
Nxe5 22. Bxh7+ Kh8 23. Nxe5 Qxe7 24. Qh5 Bd2 25. f4 Be3+ 26. Kh1 Rb8 27. Bg6+ 1-0

[Event "World Blitz Women 2017"]
[Site "Riyadh KSA"]
[Date "2017.12.29"]
[Round "11.24"]
[White "Saduakassova, Dinara"]
[Black "Mammadova, Gulnar"]
[Result "1-0"]
[WhiteTitle "IM"]
[BlackTitle "IM"]
[WhiteElo "2460"]
[BlackElo "2357"]
[WhiteFideId "13700090"]
[BlackFideId "13403508"]
[EventDate "2017.12.29"]

1. d4 g6 2. e4 Bg7 3. Nc3 c6 4. Be3 d5 5. Nf3 Bg4 6. e5 Nh6 7. h3 Bxf3 8. Qxf3
Nf5 9. Bd3 e6 10. g4 Nxe3 11. fxe3 Nd7 12. h4 f6 13. exf6 Qxf6 14. Qxf6 Nxf6 15.
g5 Nh5 16. Ne2 e5 17. c3 O-O-O 18. Kd2 e4 19. Bc2 Rdf8 20. Raf1 h6 21. Bd1 hxg5
22. hxg5 Kd7 23. c4 b5 24. cxd5 cxd5 25. Bb3 Kc6 26. Nc3 Ng3 27. Rxf8 Rxf8 28.
Bxd5+ Kd6 29. Nxe4+ Nxe4+ 30. Bxe4 Rf2+ 31. Kd3 Bf8 32. Bxg6 Be7 33. Rg1 Rxb2
34. Bf7 Bf8 35. g6 Bg7 36. Rh1 Ke7 37. Rc1 Kd6 38. Rc8 Rg2 39. Ra8 Rg3 40. Rxa7
Bh6 41. Ra6+ Kd7 42. Re6 Rg2 43. Re5 b4 44. Rh5 Bf8 45. Rh8 Ke7 46. Ke4 Rg4+ 47.
Kf5 Rg1 48. e4 Rf1+ 49. Kg4 Rg1+ 50. Kf3 Bg7 51. Re8+ Kd7 52. d5 Rf1+ 53. Ke2
Rh1 54. e5 Rh2+ 55. Kd3 Rxa2 56. e6+ Kd6 57. Rd8+ Kc7 58. e7 Bf6 59. d6+ Kc6 60.
e8=Q+ Kc5 61. Rc8+ Kb6 62. Qc6+ 1-0

[Event "World Blitz Women 2017"]
[Site "Riyadh KSA"]
[Date "2017.12.29"]
[Round "11.25"]
[White "Savina, Anastasia"]
[Black "Zhu, Chen"]
[Result "0-1"]
[WhiteTitle "IM"]
[BlackTitle "GM"]
[WhiteElo "2350"]
[BlackElo "2423"]
[WhiteFideId "4196872"]
[BlackFideId "8600546"]
[EventDate "2017.12.29"]

1. Nf3 Nf6 2. c4 e6 3. Nc3 Bb4 4. g4 h6 5. Rg1 c5 6. a3 Ba5 7. Qc2 d6 8. g5 hxg5
9. Rxg5 g6 10. d4 cxd4 11. Nxd4 Rxh2 12. Qa4+ Nc6 13. b4 Bb6 14. c5 dxc5 15.
Nxc6 bxc6 16. bxc5 Ba5 17. Bd2 Nd5 18. Rg3 Bd7 19. O-O-O Rh4 20. Ne4 Bxd2+ 21.
Rxd2 Kf8 22. Qd4 Rb8 23. Rh3 Kg8 24. Rdd3 e5 25. Qxe5 Bxh3 26. Nf6+ Qxf6 27.
Qxb8+ Kg7 28. Bxh3 Qa1+ 29. Qb1 Rc4+ 0-1

[Event "World Blitz Women 2017"]
[Site "Riyadh KSA"]
[Date "2017.12.29"]
[Round "11.26"]
[White "Padmini, Rout"]
[Black "Fataliyeva, Ulviyya"]
[Result "1-0"]
[WhiteTitle "IM"]
[BlackTitle "WGM"]
[WhiteElo "2324"]
[BlackElo "2384"]
[WhiteFideId "5029295"]
[BlackFideId "13403052"]
[EventDate "2017.12.29"]

1. Nf3 e6 2. g3 Nf6 3. Bg2 d5 4. O-O Be7 5. d3 O-O 6. Nbd2 c5 7. e4 Nc6 8. Qe2
a5 9. Re1 b6 10. e5 Ne8 11. Nf1 f5 12. exf6 Bxf6 13. Ne3 Nd6 14. Ng4 Be7 15. c3
Nf5 16. Nge5 Nxe5 17. Nxe5 Bd6 18. Nf3 Qf6 19. Ng5 Kh8 20. Nxe6 Re8 21. Bxd5 Ra7
22. Bg5 Qg6 23. Nf4 Rxe2 24. Nxg6+ hxg6 25. Rxe2 a4 26. Re8+ Kh7 27. Rxc8 1-0

[Event "World Blitz Women 2017"]
[Site "Riyadh KSA"]
[Date "2017.12.29"]
[Round "11.27"]
[White "Zawadzka, Jolanta"]
[Black "Ordaz Valdes, Lisandra Teresa"]
[Result "1-0"]
[WhiteTitle "WGM"]
[BlackTitle "WGM"]
[WhiteElo "2424"]
[BlackElo "2414"]
[WhiteFideId "1122320"]
[BlackFideId "3506940"]
[EventDate "2017.12.29"]

1. e4 e5 2. Nf3 d6 3. d4 exd4 4. Qxd4 a6 5. Bf4 Nc6 6. Qd2 Nf6 7. Nc3 Be7 8.
O-O-O O-O 9. h3 b5 10. Bd3 Bb7 11. Nd5 Nd7 12. Rhe1 Nce5 13. Nxe5 dxe5 14. Bh2
Bd6 15. Kb1 Kh8 16. Be2 Nc5 17. f3 Ne6 18. Bf1 f6 19. g4 Qe8 20. h4 Rd8 21. Qg2
Bc5 22. g5 fxg5 23. hxg5 c6 24. Nc3 Nf4 25. Bxf4 Rxf4 26. Rxd8 Qxd8 27. Rd1 Qf8
28. Be2 Bd4 29. Qh2 g6 30. Rh1 Rf7 31. Nd1 Qe8 32. c3 Bb6 33. Nf2 Bc8 34. Nd3
Bc7 35. Qf2 Qe7 36. Qe3 Be6 37. Rf1 Bc4 38. Nc1 Bxe2 39. Nxe2 Bd8 40. Rg1 c5 41.
f4 exf4 42. Nxf4 Qe5 43. Nd3 Qh2 44. Nxc5 Bc7 45. Rd1 Qe5 46. Nd7 Qg3 47. Qd4+
Rg7 48. Nf6 h6 49. gxh6 Rf7 50. Nh5+ Qe5 51. Ng7 Qxd4 52. cxd4 Bf4 53. e5 Bxh6
54. Ne6 Re7 55. Nc5 Be3 56. Nb3 Bf4 57. Re1 a5 58. Kc2 a4 59. Nc5 g5 60. Kd3 Kg7
61. Ke4 Bd2 62. Rg1 Kg6 63. d5 Bb4 64. Ne6 Bd2 65. Nd4 Bf4 66. Nf3 Kh6 67. d6
Rd7 68. Kd5 Kh5 69. Nd4 g4 70. Nxb5 g3 71. e6 Rd8 72. e7 Rb8 73. Kc6 Bxd6 74.
Nxd6 Kg4 75. e8=Q Rxe8 76. Nxe8 Kf3 77. Kb5 Kf2 78. Rxg3 1-0

[Event "World Blitz Women 2017"]
[Site "Riyadh KSA"]
[Date "2017.12.29"]
[Round "11.28"]
[White "Guo, Qi"]
[Black "Zimina, Olga"]
[Result "1-0"]
[WhiteTitle "IM"]
[BlackTitle "IM"]
[WhiteElo "2396"]
[BlackElo "2415"]
[WhiteFideId "8604002"]
[BlackFideId "4132190"]
[EventDate "2017.12.29"]

1. d4 d5 2. Nf3 Nf6 3. c4 c6 4. Nc3 dxc4 5. a4 Bf5 6. Ne5 Na6 7. e3 Nb4 8. Bxc4
e6 9. O-O Bd6 10. h3 h6 11. Nd3 Nxd3 12. Bxd3 Bxd3 13. Qxd3 O-O 14. e4 e5 15.
Be3 Re8 16. Rad1 Qc7 17. Rc1 Qa5 18. Rfd1 Rad8 19. Qc2 exd4 20. Bxd4 Be5 21.
Bxe5 Qxe5 22. f3 Nh5 23. Qf2 Nf4 24. Ra1 a6 25. Kh1 Nd3 26. Qc2 Qd4 27. Rd2 Nb4
28. Rxd4 Nxc2 29. Rxd8 Rxd8 30. Rd1 Rxd1+ 31. Nxd1 Kf8 32. Kg1 Ke7 33. Kf2 Kd6
34. Ke2 Kc5 35. Kd2 Nd4 36. Kd3 Ne6 37. Kc3 b5 38. axb5 axb5 39. b4+ Kd6 40. Ne3
g6 41. h4 h5 42. g3 Ke5 43. Kd3 Nc7 44. f4+ Ke6 45. Nc2 Ne8 46. Nd4+ Kd6 47. Nf3
Nc7 48. Ne5 c5 49. bxc5+ Kxc5 50. Nxf7 Kb4 51. Ne5 Ka3 52. Nxg6 b4 53. Ne5 b3
54. Nc4+ Kb4 55. f5 Na6 56. Nb2 Ka3 57. Nd1 Nb4+ 58. Kc4 Nc2 59. f6 Ne3+ 60. Kd3
Nxd1 61. f7 b2 62. f8=Q+ Ka2 63. Qa8+ Kb3 64. Qb7+ Ka2 65. Qa6+ Kb3 66. Qb5+ Ka2
67. Qa4+ Kb1 68. Qxd1+ Ka2 69. e5 1-0

[Event "World Blitz Women 2017"]
[Site "Riyadh KSA"]
[Date "2017.12.29"]
[Round "11.29"]
[White "Gvetadze, Sofio"]
[Black "Bulmaga, Irina"]
[Result "1/2-1/2"]
[WhiteTitle "IM"]
[BlackTitle "IM"]
[WhiteElo "2289"]
[BlackElo "2427"]
[WhiteFideId "13601440"]
[BlackFideId "13903063"]
[EventDate "2017.12.29"]

1. e4 c5 2. Nf3 d6 3. d4 cxd4 4. Nxd4 Nf6 5. f3 e5 6. Nb3 Be6 7. c4 a5 8. Be3 a4
9. N3d2 Nc6 10. Be2 Be7 11. O-O O-O 12. Nc3 Qa5 13. Rc1 Nd7 14. Kh1 Nc5 15. Ndb1
Kh8 16. Na3 Rad8 17. Nd5 Bxd5 18. cxd5 Nd4 19. Nc4 Qa7 20. Bxd4 exd4 21. Qxd4
Bf6 22. Qd2 h6 23. Rc2 Rfe8 24. Qb4 Qb8 25. Nxd6 Qxd6 26. Qxc5 Qf4 27. g3 Qb8
28. Bb5 Rc8 29. Qf2 Rxc2 30. Qxc2 Rc8 31. Qe2 Qe5 32. Bxa4 Qd4 33. Bb3 g5 34. f4
gxf4 35. gxf4 Rg8 36. e5 Bd8 37. e6 fxe6 38. dxe6 Bf6 39. Qf2 Qe4+ 40. Qf3 Qd4
41. Bc2 Re8 42. f5 Rc8 43. Be4 Qxb2 44. Qf4 Bg5 45. Qg3 Rc1 46. Rxc1 Qxc1+ 47.
Kg2 Qc4 48. Qd3 Qc7 49. Qd7 Qf4 50. Qe8+ Kg7 51. Qg6+ Kf8 52. f6 Qd2+ 53. Kf1
Qd1+ 54. Kf2 Qd2+ 55. Kf3 Qf4+ 56. Ke2 Qd2+ 57. Kf3 Qf4+ 58. Kg2 Qg4+ 59. Kf2
Qf4+ 60. Kg2 Qg4+ 61. Kf1 Qd1+ 1/2-1/2

[Event "World Blitz Women 2017"]
[Site "Riyadh KSA"]
[Date "2017.12.29"]
[Round "11.30"]
[White "Nakhbayeva, Guliskhan"]
[Black "Hoang, Thanh Trang"]
[Result "0-1"]
[WhiteTitle "WGM"]
[BlackTitle "GM"]
[WhiteElo "2314"]
[BlackElo "2439"]
[WhiteFideId "13704788"]
[BlackFideId "12400149"]
[EventDate "2017.12.29"]

1. d4 f5 2. g3 Nf6 3. Bg2 g6 4. Nf3 Bg7 5. O-O O-O 6. b3 Ne4 7. Bb2 d5 8. c4 c6
9. Nbd2 Be6 10. Qc2 Nd7 11. Rac1 a5 12. Rfd1 h6 13. Ne1 Qb6 14. e3 Bf7 15. Nd3
a4 16. c5 axb3 17. axb3 Qc7 18. b4 g5 19. Nf3 Bh5 20. Re1 e6 21. Nfe5 Nxe5 22.
Nxe5 Nf6 23. Qb3 Nd7 24. Nd3 Bg6 25. Ra1 h5 26. Ra3 h4 27. Rea1 Rxa3 28. Rxa3
hxg3 29. hxg3 Bh5 30. b5 Nf6 31. Ne5 Ng4 32. bxc6 Nxe5 33. dxe5 bxc6 34. Qb6
Qxb6 35. cxb6 Rb8 36. Bd4 Bf8 37. Ra7 c5 38. Bc3 Rxb6 39. Bf1 Rb1 40. Kg2 Bd1 0-1

[Event "World Blitz Women 2017"]
[Site "Riyadh KSA"]
[Date "2017.12.29"]
[Round "11.31"]
[White "Pham, Le Thao Nguyen"]
[Black "Bivol, Alina"]
[Result "1-0"]
[WhiteTitle "IM"]
[BlackTitle "WGM"]
[WhiteElo "2354"]
[BlackElo "2356"]
[WhiteFideId "12401226"]
[BlackFideId "4100123"]
[EventDate "2017.12.29"]

1. d4 Nf6 2. Nf3 g6 3. g3 Bg7 4. Bg2 O-O 5. O-O d6 6. c4 Nbd7 7. Nc3 e5 8. e3
Re8 9. b3 a6 10. Bb2 Rb8 11. Rc1 b5 12. Qc2 bxc4 13. bxc4 Nb6 14. dxe5 dxe5 15.
Rfd1 Qe7 16. Nd5 Nbxd5 17. cxd5 Nd7 18. e4 f5 19. Ba1 fxe4 20. Qxe4 Qd6 21. Ng5
Nf6 22. Qc4 Re7 23. Qa4 Bd7 24. Qa5 Bg4 25. Re1 h6 26. Ne6 Bxe6 27. dxe6 Ne8 28.
Red1 Qb6 29. Qd2 Kh7 30. Bd5 Nd6 31. h4 Rf8 32. Rf1 Nf5 33. Qc2 Nxg3 34. Qc5
Ne2+ 35. Kh1 Nxc1 36. Qxe7 Qb5 37. Bg2 Ne2 38. h5 Nf4 39. hxg6+ Kh8 40. Qd7 Qxd7
41. exd7 Rd8 42. Bc6 Nxg6 43. Rb1 Kg8 44. Rb7 Ne7 45. Ba4 Kf7 46. Rxc7 Ke6 47.
Ra7 Nf5 48. Rxa6+ Ke7 49. f4 Rb8 50. Bxe5 Bxe5 51. fxe5 Rb1+ 52. Kh2 Rb2+ 53.
Kh3 Rxa2 54. Ra8 Rxa4 55. Rxa4 Kxd7 56. Ra6 h5 57. Rf6 Nd4 1-0

[Event "World Blitz Women 2017"]
[Site "Riyadh KSA"]
[Date "2017.12.29"]
[Round "11.32"]
[White "Batchimeg, Tuvshintugs"]
[Black "Szczepkowska, Karina"]
[Result "1-0"]
[WhiteTitle "IM"]
[BlackTitle "IM"]
[WhiteElo "2398"]
[BlackElo "2419"]
[WhiteFideId "4900839"]
[BlackFideId "1122681"]
[EventDate "2017.12.29"]

1. d4 Nf6 2. c4 e6 3. Nc3 Bb4 4. f3 c5 5. d5 d6 6. e4 O-O 7. Bd3 b5 8. Bg5 exd5
9. exd5 bxc4 10. Bxc4 Bf5 11. Ne2 Nbd7 12. Bd3 Bxd3 13. Qxd3 Ne5 14. Qc2 h6 15.
Bh4 Ng6 16. Bf2 Nxd5 17. O-O Nf6 18. Rad1 Ne5 19. a3 Bxc3 20. Nxc3 c4 21. Rd4
Qe7 22. Re1 Qb7 23. Rxd6 Nd3 24. Rb1 Nxf2 25. Qxf2 Rad8 26. Rbd1 Rxd6 27. Rxd6
Re8 28. Rd2 a6 29. g3 Nh7 30. h4 Nf8 31. Re2 Ne6 32. Kg2 Rd8 33. Rd2 Rb8 34. Qe2
Re8 35. Qxc4 Rc8 36. Qe4 Qb6 37. Nd5 Qa7 38. Rc2 Rd8 39. Ne3 Qd7 40. Nc4 Qd1 41.
Qe2 Qb1 42. Rd2 Rc8 43. Nd6 Rf8 44. Ne4 Qc1 45. Rd1 Qc6 46. Rd2 Qc1 47. Rc2 Qb1
48. Nc3 Qa1 49. Qd2 Rb8 50. Ne4 Qa2 51. Nc3 Qb3 52. Qd3 Nc5 53. Qf5 Ne6 54. Rd2
Rf8 55. Qe5 Qb7 56. Qe4 Qb3 57. Qd5 Qb6 58. Qe4 Qb3 59. Qe3 Rc8 60. Nd5 Qxe3 61.
Nxe3 Rb8 62. b4 Rc8 63. Rc2 Rd8 64. Kf2 Rd3 65. Nc4 Rb3 66. Rd2 Rc3 67. Ne5 Rxa3
68. Rd7 Ra2+ 69. Ke3 Ra3+ 70. Ke4 Rb3 71. Ra7 Rxb4+ 72. Ke3 Ra4 73. Nxf7 Ra3+
74. Kf2 Ra2+ 75. Ke3 Ra3+ 76. Kf2 Nd4 77. f4 a5 78. Ne5 Kf8 79. Ng6+ Ke8 80.
Rxg7 a4 81. Ra7 Ra1 82. Ke3 Nf5+ 83. Kf3 a3 84. Ne5 a2 85. Kg4 Ne3+ 86. Kh5 Nd5
87. Kg6 Nb4 88. f5 Re1 89. f6 Rxe5 90. f7+ Kf8 91. Ra8+ Ke7 92. f8=Q+ 1-0

[Event "World Blitz Women 2017"]
[Site "Riyadh KSA"]
[Date "2017.12.29"]
[Round "11.33"]
[White "Badelka, Olga"]
[Black "Charkhalashvili, Inga"]
[Result "0-1"]
[WhiteTitle "WIM"]
[BlackTitle "WGM"]
[WhiteElo "2388"]
[BlackElo "2355"]
[WhiteFideId "13509926"]
[BlackFideId "13601431"]
[EventDate "2017.12.29"]

1. d4 Nf6 2. c4 e6 3. Nc3 d5 4. cxd5 exd5 5. Bg5 Bb4 6. e3 h6 7. Bh4 c5 8. dxc5
Nbd7 9. Nf3 Nxc5 10. Be2 Be6 11. O-O O-O 12. Nd4 Bxc3 13. bxc3 Nce4 14. Rc1 Rc8
15. Nxe6 fxe6 16. c4 Qa5 17. Bxf6 Nxf6 18. cxd5 exd5 19. Qb3 b6 20. Bf3 Kh8 21.
Rfd1 Rfd8 22. h3 Rc5 23. Qb2 Rdc8 24. Rxc5 Qxc5 25. Qe5 Rd8 26. g4 d4 27. Qxc5
bxc5 28. exd4 cxd4 29. Rd3 Kg8 30. h4 Kf7 31. Kf1 Ke6 32. Ke2 Ke5 33. Ra3 Rd7
34. Kd3 Kf4 35. Bc6 Rc7 36. Bb5 Kxg4 37. Kxd4 Kxh4 38. Ra6 Ng4 39. f3 Nf6 40.
Bd3 Kg3 41. Be4 h5 42. Ra5 h4 43. Rg5+ Kf2 44. f4 Rd7+ 45. Ke5 Re7+ 46. Kd6
Nxe4+ 47. Kxe7 Nxg5 48. fxg5 h3 49. g6 h2 50. Kf7 h1=Q 51. Kxg7 Qd5 52. Kh7 Qxa2
53. g7 a5 0-1

[Event "World Blitz Women 2017"]
[Site "Riyadh KSA"]
[Date "2017.12.29"]
[Round "11.34"]
[White "Vijayalakshmi, Subbaraman"]
[Black "Munguntuul, Batkhuyag"]
[Result "0-1"]
[WhiteTitle "IM"]
[BlackTitle "IM"]
[WhiteElo "2357"]
[BlackElo "2397"]
[WhiteFideId "5004098"]
[BlackFideId "4900758"]
[EventDate "2017.12.29"]

1. Nf3 d5 2. g3 Nf6 3. Bg2 Bg4 4. h3 Bh5 5. O-O Nbd7 6. d4 e6 7. c4 c6 8. cxd5
cxd5 9. Nc3 Be7 10. Bf4 O-O 11. Rc1 Rc8 12. Ne5 Nxe5 13. dxe5 Nd7 14. g4 Bg6 15.
Nb5 Rxc1 16. Qxc1 Qb6 17. a4 a6 18. Nc3 Rc8 19. Qd2 Nc5 20. Be3 Qb3 21. Ra1 h6
22. Ra3 Qc4 23. Qd4 Nb3 24. Qxc4 dxc4 25. Ra2 Rc7 26. a5 Rd7 27. Ra4 Nd2 28. Ra1
Bb4 29. Kh1 Nb3 30. Ra4 Bxa5 31. Rxc4 Nd2 32. Rc8+ Kh7 33. h4 h5 34. g5 b5 35.
Ra8 b4 36. Na4 Nc4 37. Nc5 Rd1+ 38. Kh2 Nxe3 39. fxe3 Bc7 40. Kg3 Bxe5+ 41. Kf2
Bxb2 42. Rxa6 b3 43. Nxb3 Bc3 44. Bc6 Be1+ 45. Kf3 Bxh4 46. Nd4 Bxg5 47. Ra5 Bf6
48. Nb3 h4 49. Kg2 Bf5 50. e4 Bg4 51. e5 Bg5 52. Be4+ g6 53. Ra7 Kg7 54. Nc5 Bf4
55. Nd3 h3+ 56. Kf2 Bg5 57. Nc5 h2 58. Nb7 h1=Q 59. Bxh1 Rxh1 60. Nd6 Bh4+ 61.
Kg2 Re1 62. Rxf7+ Kh6 63. Rf4 Rxe2+ 64. Kf1 Re1+ 65. Kg2 Kg5 66. Rc4 Re2+ 67.
Kf1 Ra2 68. Nf7+ Kh5 69. Rc8 Bh3+ 70. Kg1 Bg3 71. Rh8+ Kg4 72. Nh6+ Kf4 73. Rf8+ 0-1

[Event "World Blitz Women 2017"]
[Site "Riyadh KSA"]
[Date "2017.12.29"]
[Round "11.35"]
[White "Shuvalova, Polina"]
[Black "Li, Ruofan"]
[Result "1/2-1/2"]
[WhiteTitle "WIM"]
[BlackTitle "IM"]
[WhiteElo "2385"]
[BlackElo "2351"]
[WhiteFideId "24171760"]
[BlackFideId "8600643"]
[EventDate "2017.12.29"]

1. d4 Nf6 2. c4 e6 3. g3 b6 4. Bg2 c6 5. e4 d5 6. e5 Nfd7 7. cxd5 cxd5 8. Ne2
Be7 9. O-O Nc6 10. Be3 O-O 11. f4 a5 12. Nbc3 Ba6 13. f5 Re8 14. Qd2 Bf8 15.
Rac1 Ne7 16. fxe6 fxe6 17. Bh3 Ng6 18. Rf2 Rc8 19. Bg5 Qc7 20. Nxd5 Qb7 21. Ndc3
b5 22. Bg2 Qb6 23. Be3 Qb8 24. Nf4 Nxf4 25. Bxf4 Nb6 26. Re1 Qc7 27. Ne4 Nd5 28.
Nd6 Bxd6 29. exd6 Qd7 30. Be5 b4 31. Qg5 Bd3 32. Rd2 Bg6 33. Rde2 a4 34. h4 b3
35. axb3 axb3 36. h5 Bd3 37. Rf2 h6 38. Qg4 Nb6 39. Bf4 Kh8 40. Bh3 Bf5 41. Qh4
Bxh3 42. Qxh3 Nc4 43. Rfe2 Nxd6 44. Rxe6 Rxe6 45. Qxe6 Qxe6 46. Rxe6 Nc4 47. d5
Nxb2 48. d6 Rd8 49. Re3 Nc4 50. Rxb3 Nxd6 51. Kg2 Ne4 52. Rb7 Nf6 53. Rb5 Rd5 1/2-1/2

[Event "World Blitz Women 2017"]
[Site "Riyadh KSA"]
[Date "2017.12.29"]
[Round "11.36"]
[White "Danielian, Elina"]
[Black "Karavade, Eesha"]
[Result "1-0"]
[WhiteTitle "GM"]
[BlackTitle "IM"]
[WhiteElo "2413"]
[BlackElo "2384"]
[WhiteFideId "13300210"]
[BlackFideId "5012600"]
[EventDate "2017.12.29"]

1. d4 Nf6 2. Bg5 d5 3. Bxf6 exf6 4. e3 c6 5. g3 Bd6 6. Bg2 O-O 7. Ne2 Nd7 8. O-O
f5 9. b3 Nf6 10. c4 dxc4 11. bxc4 Be6 12. Qb3 b5 13. Nd2 Qa5 14. Rfd1 Rab8 15.
Qc2 Rfc8 16. Rab1 Bb4 17. Nb3 Qa4 18. c5 g6 19. Nf4 Bc4 20. Nd3 Bxd3 21. Qxd3
Qa6 22. h4 Qb7 23. a3 Bxa3 24. Na5 Qd7 25. Qxa3 Nd5 26. Ra1 b4 27. Qb3 Nc3 28.
Re1 Rb5 29. Nc4 Rd8 30. Ra6 Ne4 31. Ne5 Qd5 32. Rb1 Qxb3 33. Rxb3 Nd2 34. Rb2
Ne4 35. Nxc6 Re8 36. Rxb4 Rxb4 37. Nxb4 Nc3 38. Rxa7 1-0

[Event "World Blitz Women 2017"]
[Site "Riyadh KSA"]
[Date "2017.12.29"]
[Round "11.37"]
[White "Mamedjarova, Turkan"]
[Black "Hoolt, Sarah"]
[Result "1-0"]
[WhiteTitle "WGM"]
[BlackTitle "WGM"]
[WhiteElo "2260"]
[BlackElo "2405"]
[WhiteFideId "13402005"]
[BlackFideId "24606812"]
[EventDate "2017.12.29"]

1. d4 Nf6 2. Nf3 e6 3. c4 d5 4. Nc3 c6 5. Bg5 h6 6. Bh4 Nbd7 7. e3 Be7 8. Qc2
O-O 9. Rd1 a6 10. a3 b5 11. c5 a5 12. Bd3 Ba6 13. b4 axb4 14. axb4 Bb7 15. O-O
Ra3 16. Qb2 Qa8 17. Ra1 Rxa1 18. Rxa1 Qb8 19. Bg3 Qc8 20. e4 Nh5 21. exd5 exd5
22. Bf5 Nxg3 23. hxg3 Qc7 24. Bxd7 Qxd7 25. Ne5 Qf5 26. Ra7 Rb8 27. Nxc6 Bxc6
28. Rxe7 Qd3 29. Rc7 Be8 30. Ne2 Ra8 31. Re7 h5 32. Kh2 Qd1 33. Qc1 Qd3 34. Qe3
Qxe3 35. fxe3 Kf8 36. Re5 Bc6 37. Nf4 Ra4 38. Nxd5 f6 39. Rf5 Kf7 40. e4 Bxd5
41. Rxd5 Rxb4 42. c6 Ke7 43. Rd7+ Ke6 44. d5+ Ke5 45. Re7+ Kd6 46. Rd7+ Ke5 47.
Rxg7 Rxe4 48. Re7+ Kxd5 49. Rxe4 Kxe4 50. c7 b4 51. c8=Q Kd3 52. Qc1 b3 53. Qb2
Kc4 54. Qxf6 1-0

[Event "World Blitz Women 2017"]
[Site "Riyadh KSA"]
[Date "2017.12.29"]
[Round "11.38"]
[White "Zatonskih, Anna"]
[Black "Kovanova, Baira"]
[Result "1-0"]
[WhiteTitle "IM"]
[BlackTitle "WGM"]
[WhiteElo "2452"]
[BlackElo "2367"]
[WhiteFideId "14101572"]
[BlackFideId "4164083"]
[EventDate "2017.12.29"]

1. e4 e5 2. Nf3 d6 3. d4 exd4 4. Nxd4 Nf6 5. Nc3 Be7 6. Bc4 O-O 7. O-O a6 8. a4
Re8 9. Re1 h6 10. Bf4 Bf8 11. Qd2 Nbd7 12. Rad1 Ne5 13. Bb3 Ng6 14. Bg3 Nh5 15.
Nf5 Nxg3 16. hxg3 Ne5 17. Nd5 Be6 18. Nd4 Bd7 19. Nc3 c6 20. Nf3 Nxf3+ 21. gxf3
Qf6 22. Kg2 Qg6 23. Ne2 Rad8 24. c3 Qf6 25. Rh1 Bc8 26. Nf4 Qg5 27. Rh5 Qf6 28.
Rhh1 Qg5 29. Rh5 Qf6 30. Rhh1 Qg5 31. Qd3 Be7 32. Bc2 Bf8 33. Rh5 Qe7 34. Rhh1
g6 35. Ne2 Bg7 36. Nd4 d5 37. Rhe1 dxe4 38. Rxe4 Qf6 39. Rxe8+ Rxe8 40. Bb3 c5
41. Ne2 Bf5 42. Qd2 Qe7 43. Nf4 Qc7 44. Nd5 Qc8 45. Re1 Rxe1 46. Qxe1 Qd8 47.
Ne7+ Kf8 48. Nxf5 gxf5 49. Qe3 Qd6 50. Qe2 f4 51. g4 Qe5 52. Qc4 Qe7 53. Qxf4
Qd7 54. Qe4 Qe7 55. Qf4 Qd7 56. Qb8+ Ke7 57. a5 Bf6 58. Qg8 Qe8 59. Qh7 Be5 60.
Qxh6 Bc7 61. Qe3+ Kd8 62. Qxe8+ Kxe8 63. Bd5 Bxa5 64. Bxb7 Bc7 65. Bxa6 Bf4 66.
Kf1 Bc1 67. b4 cxb4 68. cxb4 Kd7 69. Bc4 f6 70. Ke2 Ba3 71. b5 Bd6 72. Kd3 Kc7
73. Ke4 Kd7 74. Bd3 Ke7 75. f4 Bc5 76. f3 Kd7 77. g5 fxg5 78. fxg5 1-0

[Event "World Blitz Women 2017"]
[Site "Riyadh KSA"]
[Date "2017.12.29"]
[Round "11.39"]
[White "Ambartsumova, Karina"]
[Black "Arakhamia-Grant, Ketevan"]
[Result "1-0"]
[WhiteTitle "WGM"]
[BlackTitle "GM"]
[WhiteElo "2359"]
[BlackElo "2350"]
[WhiteFideId "4166299"]
[BlackFideId "13600168"]
[EventDate "2017.12.29"]

1. d4 Nf6 2. c4 c5 3. Nf3 cxd4 4. Nxd4 g6 5. Nc3 Bg7 6. e4 d6 7. f3 O-O 8. Be3
Nc6 9. Be2 Nxd4 10. Bxd4 Be6 11. O-O a6 12. b3 Qa5 13. Qd2 Rfc8 14. Rfd1 Nd7 15.
Nd5 Qd8 16. Bxg7 Kxg7 17. Qd4+ Kg8 18. f4 Bxd5 19. exd5 a5 20. Bg4 f5 21. Bf3
Qb6 22. Qxb6 Nxb6 23. a4 Nd7 24. Re1 Kf7 25. Re3 Nc5 26. Rae1 Rc7 27. h4 h5 28.
Bd1 Ra6 29. Bc2 Rb6 30. Rg3 Rb4 31. Ree3 Rb6 32. Rg5 Nd7 33. Reg3 Nf8 34. Bxf5
gxf5 35. Rxf5+ Ke8 36. Rg8 Rc5 37. Rfxf8+ Kd7 38. Rd8+ Kc7 39. Rc8+ Kd7 40.
Rgd8# 1-0